Eljegyzés

Oznámenie o zásnubách banského inžiniera Edmunda (Ödön) Lányiho jakobi s Irenou Vass v januári 1915 v Miskolci (MR). Edmund Lányi pôsobil pred rokom 1917 niekoľko sezón v Banskom erárnom úrade v Rožňave. Odtiaľto prešiel do železiarní v Diósgyőri (MR).

Podrobná bibliografia
Médium: Článok
Jazyk:Hungarian
Témy:
Zdroj: 1. Rozsnyói Hiradó 1. Roč. 40, č. 1 (06.01.1917) s. 2
LEADER 01149nab#a2200313#ar4500
001 000064813
003 SVKKK
005 19970814xxxxxxx.
008 06 c xo huno
FMT
038 |a SVKKK 
040 |a SVKKK  |b slo  |e AACR2 
041 0 |a hun 
044 |a xo  |c SK 
080 |a 393 
080 |a 622 
242 1 0 |a Zásnuby 
245 0 0 |a Eljegyzés 
520 2 |a Oznámenie o zásnubách banského inžiniera Edmunda (Ödön) Lányiho jakobi s Irenou Vass v januári 1915 v Miskolci (MR). Edmund Lányi pôsobil pred rokom 1917 niekoľko sezón v Banskom erárnom úrade v Rožňave. Odtiaľto prešiel do železiarní v Diósgyőri (MR). 
650 0 4 |a zásnuby - Lányi, Edmund jakobi (inžinier banský) - Banský erárny úrad, Rožňava - pôsobenie predchádzajúce - železiarne, Diósgyőr (MR) - pôsobenie súčasné - Miskolc (MR) - január 1915 - Vass, Irena (snúbenica) - správa 
773 0 |t Rozsnyói Hiradó  |g Roč. 40, č. 1 (06.01.1917) s. 2 
957 |a Diósgyőr 
957 |a Rožňava 
958 |a DG 
958 |a SK 
974 |a ebl  |d 19970814 
992 |a RBX 
BAS
998 |a RETRO